000 00974nam a22002175i 4500
001 159752
003 ES-MaACL
005 20230906211801.0
008 030130s1849 sp |||| | spa d
080 _a625.7:351.712.2(460)
100 1 _aMiranda, Pedro.
_9129976
245 1 3 _aEl empréstito de los 200 millones y las contratas de carreteras :
_bréplica al señor Don José García Otero /
_cpor Don Pedro Miranda.
260 _a[Madrid :
_bs.n.,
_c1849] (
_fImp. de Don José María Alonso)
300 _a63 p. ;
_c27 cm.
530 _aDisponible en formato digital.
650 4 _aContratos de obras públicas.
_9175869
650 4 _aCarreteras-
_zEspaña.
_9156236
700 1 _aGarcía Otero, José.
_9127216
852 4 _aES-MaACL
_jT-45-F-3
_z- Enc. hol., falto de port. y hasta la p.8
_z- Enc. en un vol. facticio
856 4 _uhttp://bibliotecavirtualdefensa.es/BVMDefensa/es/consulta/registro.do?id=4433
_zBiblioteca Virtual de Defensa
999 _c159752
_d159752